Click the Hawaiian Island Nickname - Statistics

General Stats
  • This quiz has been taken 7 times
  • The average score is 4 of 8
Answers on the Map
Answers color-coded by a green-red scale on the quiz's map according to % correct below.
 
Answer Stats
Answer % Correct
The Big Island
86%
The Gathering Place
86%
The Pineapple Isle
57%
The Target Isle
57%
The Valley Isle
57%
The Forbidden Isle
43%
The Friendly Isle
29%
The Garden Isle
29%
No matching quizzes found
Score Distribution
Percent of People with Each Score
Percentile by Number Answered
Your Score History
You have not taken this quiz